|
|
|
|
| LEADER |
00000cam a2200000 7i4500 |
| 001 |
0000003413 |
| 005 |
20051221.0 |
| 020 |
0 |
0 |
|a 9830371719 (kkt.)
|
| 090 |
0 |
0 |
|a 297.09595
|b MSA
|
| 100 |
1 |
0 |
|a Mohd. Shauki Abd. Majid
|
| 245 |
1 |
0 |
|a Memahami hadhari dari perspektif Islam
|c Mohd. Shauki Abd. Majid ; pengantar Shaari bin Abdullah
|
| 260 |
0 |
0 |
|a Kuala Lumpur: :
|b iBook Publication, ,
|c 2004
|
| 300 |
|
|
|a 73ms. ;
|c 22cm.
|
| 650 |
0 |
0 |
|a Civilization, Islamic
|
| 650 |
0 |
0 |
|a Islam and state
|z Malaysia
|
| 650 |
0 |
0 |
|a Islam
|x Customs and practices
|
| 650 |
0 |
0 |
|a Ummah (Islam)
|z Malaysia
|
| 700 |
1 |
1 |
|a Shaari bin Abdullah
|
| 999 |
|
|
|a 0000006423
|b Monograph
|c Open Shelf
|e Default branch
|